000 00893cab a2200265 4500
001 ABS50913
008 090401t1994 xxu||||| |||| 00| 0 eng d
035 _a(Sirsi) u1336
041 _aeng
100 _aTrifonov, N.
245 _aBelarus - property market
260 _c1994
350 _a0
490 _aEstates News
_v6(34) June/July 1994, 29(1)
520 _aBriefly reviews the property market in Belarus, looking at office and residential premises, trade and warehouse premises. Discusses implications for the foreign investor.
650 _aBELARUS
650 _aFORMER SOVIET UNION
650 _aINDUSTRIAL MARKET
650 _aPROPERTY-COMMERCIAL PROPERTY-OFFICE PROPERTY-OFFICE PROPERTY MARKET
650 _aRESIDENTIAL MARKET
690 _aPROPERTY-COMMERCIAL PROPERTY-COMMERCIAL PROPERTY MARKET
690 _aOVERSEAS-EUROPE
942 _n0
948 _c04/03/1997
999 _c733
_d733